Naruto Shippûden : Test - Statistiques

Statistiques générales
  • Ce quiz a été pris 8 294 fois
    3 559 depuis la dernière actualisation
  • Le résultat moyen est 6 sur 10
Statistiques - réponses
Question Réponse % Correct
Qui aide Sakura a éliminé le membre de l'Akatsuki Sasori ? Chiyo
92%
Quand Sasuke éveille t-il son Mangekyô Sharingan ? Après la mort d'Itachi
89%
Combien de portes célestes Gaï maitrise ? 8
87%
Quel est le point commun entre Karin, Nagato et Kushina ? Ce sont des membres de l'ancien clan Uzumaki
86%
De quel coté Naruto porte t-il son étui étroit ? Sur la jambe droite
55%
Qui est le premier personnage à recevoir le pendentif de Tsunade ? Nawaki
52%
Qui a soigné la partie écrasée d'Obito ? Zetsu Blanc
50%
Qui est le héros du premier roman de Jiraya intitulé " Chroniques d'un ninja intrépide " ? Naruto
39%
Avec qui Orochimaru fait-il équipe lorsqu'il fut dans l'Akatsuki ? Sasori
19%
A quel âge Kakashi est-il promu Jônin ? 13 ans
16%
Aucun quiz correspondant
Distribution des résultats
% des personnes avec chaque résultat
Percentile par nombre de réponses
Votre historique - résultats
Vous n’avez pas pris ce quiz depuis la dernière actualisation